000
00287nam a2200097Ia 4500
001
644706
005
20250826153610.0
008
250824s9999 xx 000 0 und d
245
0
_a
PROFESÖR Pİ İLE MATEMATİK 10 ŞEKİL ŞEKİL TUHAFLIKLAR
_c
BİRSEN EKİM ÖZEN
260
_b
TİMAŞ ÇOCUK
999
_c
644706
_d
644706